ბათუმის შოთა რუსთაველის სახელმწიფო უნივერსიტეტის ბიბლიოთეკა

მეთოდური მითითებები საკურსო და სადიპლომო პროექტის შესასრულებლად თბოელექტროსადგურების კურსში / (ბიბ.ჩანაწერი № 40114)

000 -ლიდერი
ფიქსირებული სიგრძის საკონტროლო ველი 01356nam a2200229Ia 4500
001 - საკონტროლო ნომერი
საკონტროლო ველი 6720
003 - საკონტროლო ნომრის იდენტიფიკატორი
საკონტროლო ველი GE_BSU
005 - ბოლო ოპერაციის თარიღი და დრო
საკონტროლო ველი 20190624145153.0
008 - ფიქსირებული სიგრძის მონაცემთა ელემენტები - ზოგადი ინფორმაცია
ფიქსირებული სიგრძის საკონტროლო ველი 181216s1986|||| |||||||||||||| ||geo||
041 ## - ენის კოდი
Language code of text/sound track or separate title geo
080 ## - უნივერსალური ათობითი კლასიფიკაციის ინდექსი
Universal Decimal Classification number 621.311(076) მ-50
245 ## - ცნობა სათაურის შესახებ
Title მეთოდური მითითებები საკურსო და სადიპლომო პროექტის შესასრულებლად თბოელექტროსადგურების კურსში /
Statement of responsibility, etc შემდგ : მ.ყიფშიძე ; ო.ვეზირიშვილი ; ვ.გოცირიძე ; რედ : მ.ძიძიგური.
264 ## - წარმოების, გამოცემის, დისტრიბუციის და სხვა ცნობები
გამოცემის, წარმოების, დისტრიბუციის... ადგილი თბილისი :
გამოცემის, წარმოების, დისტრიბუციის... სახელწოდება სპი,
გამოცემის, წარმოების, დისტრიბუციის... თარიღი 1986.
300 ## - ფიზიკური აღწერა
Extent 74 გვ .:
Other physical details ილ ; ცხრ.12.
Dimensions 23 სმ.
504 ## - BIBLIOGRAPHY, ETC. NOTE
Bibliography, etc ბიბლიოგრ.: გვ.73.
653 ## - INDEX TERM--UNCONTROLLED
Uncontrolled term სადიპლომო სამუშაო თბოელექტროსადგურების კურსში
700 ## - ADDED ENTRY--PERSONAL NAME
Personal name ყიფშიძე, მ
Relator term შემდგენელი
9 (RLIN) 2318
700 ## - ADDED ENTRY--PERSONAL NAME
Personal name ვეზირიშვილი, ო
Relator term შემდგენელი
9 (RLIN) 2511
700 ## - ADDED ENTRY--PERSONAL NAME
Personal name გოცირიძე, ვ
Relator term შემდგენელი
9 (RLIN) 2810
700 ## - ADDED ENTRY--PERSONAL NAME
Personal name ძიძიგური, მ
Relator term რედაქტორი
9 (RLIN) 472
942 ## - ADDED ENTRY ELEMENTS (KOHA)
Koha item type წიგნი
Source of classification or shelving scheme
ეგზემპლარები
ჩამოწერის სტატუსი დაკარგული ეგზემპლარის სტატუსი კლასიფიკაციის წყარო ან თაროზე გაწყობის სქემა დაზიანების სტატუსი არ გაიცემა მუდმივი მდებარეობა (დაცვის ადგილი) ამჟამინდელი ადგილსამყოფელი თაროზე განთავსების ადგილი შეძენის თარიღი ღირებულება, შესყიდვის ნორმალური ფასი სრული შენახვის შიფრი შტრიხკოდი ბოლო ოპერაციის თარიღი ეგზემპლარის მიმდევრობითი ნომერი (კეტერი?) ფასის ძალაში შესვლის თარიღი ეგზემპლარის სახეობა საჯარო შენიშვნა
          ტექნოლოგიური ფაკულტეტის ბიბლიოთეკა ტექნოლოგიური ფაკულტეტის ბიბლიოთეკა წიგნსაცავი 2018-12-17 0.00 621.311(076) მ-50 10818 2018-12-17 10818 2018-12-17 წიგნი 0,20 თ.
          ტექნოლოგიური ფაკულტეტის ბიბლიოთეკა ტექნოლოგიური ფაკულტეტის ბიბლიოთეკა წიგნსაცავი 2018-12-17 0.00 621.311(076) მ-50 10819 2018-12-17 10819 2018-12-17 წიგნი 0,20 თ.
          ტექნოლოგიური ფაკულტეტის ბიბლიოთეკა ტექნოლოგიური ფაკულტეტის ბიბლიოთეკა წიგნსაცავი 2018-12-17 0.00 621.311(076) მ-50 10820 2018-12-17 10820 2018-12-17 წიგნი 0,20 თ.